000 00413nam a2200181 a 4500
001 1754983874706
003 ACL
005 20250812130359.0
008 250812s1997##################000#0#eng##
020 _a9789768125460
082 0 4 _a709.7290207
_bCAN
245 1 0 _aShared Visions :
260 _bCanoe Press,
_c1997.
300 _a98 pages
650 0 _aArt.
942 _cENGLISH
040 _aACL
_beng
_cACL
999 _c581283
_d581283